[Event "London Classic op"]
[Site "London"]
[Date "2017.12.03"]
[Round "2"]
[White "Ladron de Guevara Pinto, Paolo"]
[Black "Ethelontis, Alexandros N"]
[Result "1/2-1/2"]
[WhiteElo "2422"]
[BlackElo "2154"]
[PlyCount "100"]
[EventDate "2017.12.02"]
[EventType "swiss"]
[EventRounds "9"]
[EventCountry "ENG"]
[SourceTitle "CBM 182 Extra"]
[Source "ChessBase"]
[SourceDate "2018.02.23"]
[SourceVersion "1"]
[SourceVersionDate "2018.02.23"]
[SourceQuality "1"]

1. e4 e6 2. d4 d5 3. Nc3 Bb4 4. e5 c5 5. a3 Bxc3+ 6. bxc3 Ne7 7. Qg4 Kf8 8. Bd3 Qa5 9. Bd2 Qa4 10. Ra2 b6 11. Nf3 Ba6 12. 0-0 Bxd3 13. cxd3 Nbc6 14. Rb1 c4 15. Ng5 h6 16. Nh3 cxd3 17. Nf4 Qc4 18. Rab2 Rg8 19. Qf3 Ke8 20. Nxd3 Qa4 21. Ra2 Rc8 22. Qe2 Qc4 23. Be1 Na5 24. h3 Nf5 25. a4 Qc6 26. Nf4 Qc4 27. Qb2 Qc6 28. Nh5 Nc4 29. Qe2 Qd7 30. g4 Ne7 31. f4 Kd8 32. Bg3 Na5 33. Qf3 Rc4 34. Rf1 Qc6 35. Be1 Rxa4 36. Rg2 g6 37. Nf6 Rh8 38. Kh1 Kc8 39. Rgg1 Kb7 40. f5 gxf5 41. gxf5 Nxf5 42. Qh5 Ra1 43. Qxf7+ Ka6 44. Nd7 Rd8 45. Nf8 Qe8 46. Qxe8 Rxe8 47. Ng6 Nc6 48. Nf4 Kb5 49. Rf2 Kc4 50. Rb2 b5 1/2-1/2

[Event "BCF-chT4S 1617 (4NCL)"]
[Site "England"]
[Date "2017.04.29"]
[Round "9.25"]
[White "Ethelontis, Alexandros N"]
[Black "Adebajo, Olufemi"]
[Result "1-0"]
[WhiteElo "2140"]
[BlackElo "1918"]
[PlyCount "101"]
[EventDate "2016.11.26"]
[EventType "team-swiss"]
[EventRounds "11"]
[EventCountry "ENG"]
[SourceTitle "EXT 2019"]
[Source "ChessBase"]
[SourceDate "2018.10.10"]
[SourceVersion "1"]
[SourceVersionDate "2018.10.10"]
[SourceQuality "1"]
[WhiteTeam "Barnet Knights"]
[BlackTeam "MK Phoenix II"]
[WhiteTeamCountry "ENG"]
[BlackTeamCountry "ENG"]

1. c4 e6 2. g3 c6 3. Bg2 d5 4. b3 f5 5. Nf3 Nf6 6. 0-0 Bd6 7. Bb2 0-0 8. Nc3 b6 9. d3 Bb7 10. e4 dxe4 11. dxe4 Nxe4 12. Nxe4 fxe4 13. Ng5 Qxg5 14. Qxd6 Na6 15. Qxe6+ Kh8 16. Qxe4 Rae8 17. Qc2 Rf7 18. Rae1 Ref8 19. Re5 Qh6 20. a3 Nc5 21. f4 Nd7 22. Rg5 Nf6 23. Re1 c5 24. Bxb7 Rxb7 25. Re6 Qh3 26. Qf5 Qxf5 27. Rxf5 Rbf7 28. Bxf6 gxf6 29. Kf2 Kg7 30. Rd5 Rc7 31. Red6 Rff7 32. Re6 Rce7 33. Rxe7 Rxe7 34. a4 Kg6 35. a5 Rc7 36. a6 Kf7 37. Kf3 Ke7 38. Ke4 Rc6 39. Rh5 h6 40. Kf5 Kf7 41. Rxh6 Kg7 42. Rg6+ Kf7 43. g4 b5 44. g5 bxc4 45. bxc4 Rxa6 46. gxf6 Ra2 47. Rg7+ Kf8 48. h4 a5 49. Rc7 Rh2 50. Rxc5 Rxh4 51. Ke6 1-0